Statistics for Measurement Spanish Vocabulary Words Quiz

Click here to take the quiz!

General Stats

  • This quiz has been taken 1,280 times
  • The average score is 19 of 24

Answer Stats

español English % Correct
gramogram
98%
kilogramokilogram
97%
yardayard
96%
kilómetrokilometer
95%
metrometer
94%
litroliter
94%
centímetrocentimeter
93%
galóngallon
93%
acreacre
92%
onzaounce
89%
millamile
84%
piefoot
83%
cuartoquart
81%
onza fluidafluid ounce
76%
tazacup
72%
mililitromilliliter
72%
toneladaton
68%
librapound
66%
pie cuadradosquare foot
61%
kilómetro cuadradosquare kilometer
60%
hectáreahectare
58%
milla cuadradasquare mile
57%
cucharaditateaspoon
50%
pulgadainch
44%

Score Distribution

Percentile by Number Answered

Percent of People with Each Score

Your Score History

You have not taken this quiz